Ο ρόλος και οι λειτουργίες των ειδικών και ad hoc μη κυβερνητικών οργανώσεων και ομάδων για την άσκηση κοινοβουλευτικής διπλωματίας : διπλωματική εργασία [διδακτορική εργασία]
Saved in:
| Main Author: | |
|---|---|
| Corporate Author: | |
| Other Authors: | |
| Format: | Thesis Book |
| Language: | Greek |
| Published: |
2014.
|
| Subjects: | |
| Online Access: | http://hdl.handle.net/11610/10989 |
| Tags: |
Add Tag
No Tags, Be the first to tag this record!
|
MARC
| LEADER | 00000cam a2200000 a 4500 | ||
|---|---|---|---|
| 001 | 1/108388 | ||
| 008 | 150904s2014####gr | ||| |||| ||gre|| | ||
| 040 | |a GR-MyUa |b gre |c GR-MyUa |e AACR2 | ||
| 041 | 0 | |a gre | |
| 082 | 7 | |a 303.372 |2 (23) | |
| 100 | 1 | |a Νούλας, Γεώργιος Ι. | |
| 245 | 1 | 2 | |a Ο ρόλος και οι λειτουργίες των ειδικών και ad hoc μη κυβερνητικών οργανώσεων και ομάδων για την άσκηση κοινοβουλευτικής διπλωματίας : |b διπλωματική εργασία [διδακτορική εργασία] / |c Γεώργιος Ι. Νούλας ; επιβλέπων καθηγητής Σεϊμένης Ιωάννης. |
| 260 | |c 2014. | ||
| 300 | |a 379 σ. ; |c 30 εκ. | ||
| 502 | # | # | |a Διατριβή (διδακτορική) – Πανεπιστήμιο Αιγαίου, Ρόδος, 2014. |
| 504 | |a Βιβλιογραφία: σ. 358-379. | ||
| 506 | 1 | |a Διάθεση μόνο λέξεων κλειδιών - περιλήψεων. | |
| 650 | 0 | |a Non-governmental organizations. | |
| 650 | 0 | |a Non-governmental organizations |x Social aspects. | |
| 650 | 0 | |a International agencies |x Social aspects. | |
| 700 | 1 | |a Σεϊμένης, Γιάννης, |e dgs [Επιβλέπων καθηγητής] | |
| 710 | 2 | |a Πανεπιστήμιο Αιγαίου |b Σχολή Ανθρωπιστικών Επιστημών |b Τμήμα Μεσογειακών Σπουδών. | |
| 852 | |a INST |b RHODES |c DIATR |e 20150904 |h 303.372 ΝΟΥ |p 005400037994 |q 005400037994 |t PHD |y 23 | ||
| 856 | |u http://hdl.handle.net/11610/10989 | ||
| 924 | |a Νούλας |b Γεώργιος Ι |y Ρόδος |z 2014-11 | ||
| 970 | |z 03-09-2015 | ||